01464nam a2200361Ia 4500001001200000003000800012006001900020007001500039008004100054010001700095020001800112020001800130020002800148020003500176020003200211040002100243035002000264050002400284082001200308100002500320240003800345245020500383260005200588300001600640500002000656533015200676650004000828650004500868655002900913710001700942856012600959999001701085ebr10230032CaPaEBRm u cr cn|||||||||930609s1994 ilu s 001 0 eng d z 93005294  z9780226066479 z9780226066493 z0226066479 (alk. paper) z0226066487 (pbk. : alk. paper) z0226065715 (electronic bk.) aCaPaEBRcCaPaEBR a(OCoLC)4573317314aB935b.B6613 1994eb04a1912201 aBorradori, Giovanna.10aConversazioni americane.lEnglish14aThe American philosopherh[electronic resource] :bconversations with Quine, Davidson, Putnam, Nozick, Danto, Rorty, Cavell, MacIntyre, and Kuhn /cGiovanna Borradori ; translated by Rosanna Crocitto. aChicago :bUniversity of Chicago Press,cc1994. axii, 177 p. aIncludes index. aElectronic reproduction.bPalo Alto, Calif. :cebrary,d2009.nAvailable via World Wide Web.nAccess may be limited to ebrary affiliated libraries. 0aPhilosophy, Americany20th century. 0aPhilosopherszUnited StatesvInterviews. 7aElectronic books.2local2 aebrary, Inc.40uhttp://site.ebrary.com/lib/rucke/Doc?id=10230032zAn electronic book accessible through the World Wide Web; click to view c39278d39278